<?xml version="1.0" encoding="UTF-8"?><?xml-stylesheet type="text/xsl" href="static/style.xsl"?><OAI-PMH xmlns="http://www.openarchives.org/OAI/2.0/" xmlns:xsi="http://www.w3.org/2001/XMLSchema-instance" xsi:schemaLocation="http://www.openarchives.org/OAI/2.0/ http://www.openarchives.org/OAI/2.0/OAI-PMH.xsd"><responseDate>2026-06-07T15:51:19Z</responseDate><request verb="GetRecord" identifier="oai:docta.ucm.es:20.500.14352/47103" metadataPrefix="marc">https://docta.ucm.es/rest/oai/request</request><GetRecord><record><header><identifier>oai:docta.ucm.es:20.500.14352/47103</identifier><datestamp>2023-07-05T00:26:40Z</datestamp><setSpec>com_20.500.14352_1</setSpec><setSpec>col_20.500.14352_6</setSpec></header><metadata><record xmlns="http://www.loc.gov/MARC21/slim" xmlns:dcterms="http://purl.org/dc/terms/" xmlns:xsi="http://www.w3.org/2001/XMLSchema-instance" xmlns:doc="http://www.lyncode.com/xoai" xsi:schemaLocation="http://www.loc.gov/MARC21/slim http://www.loc.gov/standards/marcxml/schema/MARC21slim.xsd">
   <leader>00925njm 22002777a 4500</leader>
   <datafield ind2=" " ind1=" " tag="042">
      <subfield code="a">dc</subfield>
   </datafield>
   <datafield ind2=" " ind1=" " tag="720">
      <subfield code="a">Rovira, Rogelio</subfield>
      <subfield code="e">author</subfield>
   </datafield>
   <datafield ind2=" " ind1=" " tag="260">
      <subfield code="c">2013</subfield>
   </datafield>
   <datafield ind2=" " ind1=" " tag="520">
      <subfield code="a">Se ofrece un elenco de ciento cincuenta cuestiones sobre pasajes selectos de la Metafísica de Aristóteles, con el fin de que sirva de ayuda tanto al estudio de esta obra fundamental de la filosofía como a la evaluación de los conocimientos adquiridos sobre ella. En cada sección en que se divide el cuestionario se proporciona la referencia de los pasajes de la Metafísica (y de otras obras)de Aristóteles a los que se refieren las cuestiones y se da, además, breves indicaciones bibliográficas pertinentes para la resolución de las cuestiones.</subfield>
   </datafield>
   <datafield ind1="8" ind2=" " tag="024">
      <subfield code="a">https://hdl.handle.net/20.500.14352/47103</subfield>
   </datafield>
   <datafield ind2="0" ind1="0" tag="245">
      <subfield code="a">Cuestiones sobre la metafísica de Aristóteles</subfield>
   </datafield>
</record></metadata></record></GetRecord></OAI-PMH>